| 000 -LEADER |
| fixed length control field |
00892cam a22002894a 4500 |
| 020 ## - INTERNATIONAL STANDARD BOOK NUMBER |
| ISBN |
9780754679103 (hardback : alk. paper) |
| 020 ## - INTERNATIONAL STANDARD BOOK NUMBER |
| ISBN |
0754679101 (hardback : alk. paper) |
| 020 ## - INTERNATIONAL STANDARD BOOK NUMBER |
| ISBN |
9780754698029 (ebk) |
| 020 ## - INTERNATIONAL STANDARD BOOK NUMBER |
| ISBN |
0754698025 (ebk) |
| 040 ## - CATALOGING SOURCE |
| Transcribing agency |
DLC |
| 082 00 - DEWEY DECIMAL CLASSIFICATION NUMBER |
| Classification number |
610 ASH 2010 A054 Or. |
| 245 00 - TITLE STATEMENT |
| Title |
Abjectly boundless : |
| Remainder of title |
boundaries, bodies and health work / |
| 260 ## - PUBLICATION, DISTRIBUTION, ETC. (IMPRINT) |
| Place of publication |
Farnham, Surrey ; |
| -- |
Burlington, VT : |
| Name of publisher |
Ashgate Pub., |
| Year of publication |
c2010. |
| 300 ## - PHYSICAL DESCRIPTION |
| Number of Pages |
xvi, 285 p. : |
| Other physical details |
ill. ; |
| Dimensions |
25 cm. |
| 650 #0 - SUBJECT ADDED ENTRY--TOPICAL TERM |
| Topical Term |
Medical personnel and patient. |
| 650 #0 - SUBJECT ADDED ENTRY--TOPICAL TERM |
| Topical Term |
Medical personnel |
| 650 #0 - SUBJECT ADDED ENTRY--TOPICAL TERM |
| Topical Term |
Social medicine. |
| 650 #0 - SUBJECT ADDED ENTRY--TOPICAL TERM |
| Topical Term |
Medical anthropology. |
| 650 12 - SUBJECT ADDED ENTRY--TOPICAL TERM |
| Topical Term |
Attitude of Health Personnel. |
| 650 22 - SUBJECT ADDED ENTRY--TOPICAL TERM |
| Topical Term |
Attitude to Health. |
| 650 22 - SUBJECT ADDED ENTRY--TOPICAL TERM |
| Topical Term |
Burnout, Professional. |
| 650 22 - SUBJECT ADDED ENTRY--TOPICAL TERM |
| Topical Term |
Human Body. |
| 650 22 - SUBJECT ADDED ENTRY--TOPICAL TERM |
| Topical Term |
Patient Care |
| 700 1# - ADDED ENTRY--PERSONAL NAME |
| Personal name |
Rudge, Trudy. |
| 700 1# - ADDED ENTRY--PERSONAL NAME |
| Personal name |
Holmes, Dave, |
| 942 ## - ADDED ENTRY ELEMENTS (KOHA) |
| Koha item type |
សៀវភៅភាសាអង់គ្លេស |
| 952 ## - LOCATION AND ITEM INFORMATION (KOHA) |
| Withdrawn status [LOCAL, KOHA] |
0 |